Emson Eastern Ltd (in receivership) v EME Developments Ltd (Record no. 32584)

MARC details
000 -LEADER
fixed length control field 01468cab a2200253 4500
001 - CONTROL NUMBER
control field ABS45408
008 - FIXED-LENGTH DATA ELEMENTS--GENERAL INFORMATION
fixed length control field 090401t1991 xxu||||| |||| 00| 0 eng d
035 ## - SYSTEM CONTROL NUMBER
System control number (Sirsi) u52748
041 ## - LANGUAGE CODE
Language code of text/sound track or separate title eng
245 ## - TITLE STATEMENT
Title Emson Eastern Ltd (in receivership) v EME Developments Ltd
260 ## - PUBLICATION, DISTRIBUTION, ETC.
Date of publication, distribution, etc. 1991
350 ## - PRICE (NR) (BK AM CF MU VM SE) [OBSOLETE]
Price 0
490 ## - SERIES STATEMENT
Series statement Construction Industry Law Letter
Volume/sequential designation 1991 CILL 696-697(2)
520 ## - SUMMARY, ETC.
Summary, etc. QBD 22 July 1991. Considered the meaning of completion in Clause 27 of JCT 1980. Plaintiff contractor Emson (X) claimed £482,136.90 as the value of works under the contract together with a claim for loss and expense for delay and disruption. Defendant employer EME (Y) claimed no liability to make any further payment until after completion of work under Clause 27. Two preliminary issues raised were (1) if "works" included snagging and remedial work and (2) is practical completion equivalent to completion. Held that "work" does not include snagging or other remedial work undertaken after practical completion. Practical completion is also the same as completion. Therefore Y was unable to rely on Clause 27 to resist X`s claim although Y might have some redress under common law.
650 ## - SUBJECT ADDED ENTRY--TOPICAL TERM
Topical term or geographic name entry element BUILT ENVIRONMENT-BUILDING CONTRACT FORMS
650 ## - SUBJECT ADDED ENTRY--TOPICAL TERM
Topical term or geographic name entry element CLAIMS
650 ## - SUBJECT ADDED ENTRY--TOPICAL TERM
Topical term or geographic name entry element COMPLETION
650 ## - SUBJECT ADDED ENTRY--TOPICAL TERM
Topical term or geographic name entry element JCT 1980 CL27
650 ## - SUBJECT ADDED ENTRY--TOPICAL TERM
Topical term or geographic name entry element PRACTICAL COMPLETION
650 ## - SUBJECT ADDED ENTRY--TOPICAL TERM
Topical term or geographic name entry element REMEDIAL WORK
690 ## - LOCAL SUBJECT ADDED ENTRY--TOPICAL TERM (OCLC, RLIN)
Topical term or geographic name as entry element BUILDING AND CONSTRUCTION-CASE LAW
942 ## - ADDED ENTRY ELEMENTS (KOHA)
Suppress in OPAC 0
948 ## - LOCAL PROCESSING INFORMATION (OCLC); SERIES PART DESIGNATOR (RLIN)
c (OCLC) 04/03/1997
Holdings
Withdrawn status Lost status Source of classification or shelving scheme Damaged status Not for loan Home library Current library Shelving location Date acquired Total Checkouts Full call number Barcode Date last seen Copy number Price effective from Koha item type
    Dewey Decimal Classification     London London Journal article 14/09/1999   ABS45408 52748-1001 06/08/2019 1 06/08/2019 Law report